Guía de trabajos prácticos : materia Geomorfología y Teledetección, Departamento de Geología, UNS /
Guardado en:
| Autor Principal: | |
|---|---|
| Otros Autores: | |
| Formato: | Libro |
| Idioma: | Spanish |
| Publicado: |
2014.
|
| Materias: | |
| Etiquetas: |
Agregar Etiqueta
Sin Etiquetas, Sea el primero en etiquetar este registro!
|
| LEADER | 00764nam a22001935a 4500 | ||
|---|---|---|---|
| 001 | EUN.eunm005933 | ||
| 008 | 150702s2014####ag#a#####b####000#0#spa#d | ||
| 005 | 20240827095817.0 | ||
| 245 | 1 | 0 | |a Guía de trabajos prácticos : |b materia Geomorfología y Teledetección, Departamento de Geología, UNS / |c realizado por Diana G. Cuadrado (asistente), Vanesa Y. Bohn (ayudante). |
| 260 | |c 2014. | ||
| 300 | |a 35 h., [98] p. : |b il. ; |c 30 cm. | ||
| 500 | |a "Profesora a cargo de la materia: Dra. Silvia Grill". | ||
| 100 | 1 | |a Cuadrado, Diana G., |d 1958- | |
| 700 | 1 | |a Bohn, Vanesa Yael. | |
| 082 | 0 | 4 | |a 551.4 |2 19 |
| 650 | 7 | |a Geología. |2 unbist | |
| 650 | 7 | |a Geomorfología. |2 unbist | |
| 650 | 7 | |a Teledetección. |2 unbist | |
| 859 | |a AR-BaUNS |b BIB. CENTRAL - Sector A |h 551.4 |i C891 |p 125084/015 | ||
